Hóa sinh thực vật

Sách trình bày những vấn đề cơ bản nhất của hóa sinh học cây trồng nông nghiệp, các khái niệm chung về sự troa đổi chất và năng lượng trong cơ thể thực vật (enzym, vitamin, protein, acid nucleic, glucid, lipid, các chất có nguồn gốc thứ cấp)...

Deskribapen osoa

Gorde:
Xehetasun bibliografikoak
Egile nagusia: Lê Doãn Diên
Formatua: Liburua
Hizkuntza:Undetermined
Argitaratua: Hà Nội Nông Nghiệp 1993
Gaiak:
Etiketak: Etiketa erantsi
Etiketarik gabe, Izan zaitez lehena erregistro honi etiketa jartzen!
Thư viện lưu trữ: Trung tâm Học liệu Trường Đại học Cần Thơ
LEADER 00838nam a2200181Ia 4500
001 CTU_28022
008 210402s9999 xx 000 0 und d
082 |a 572.82 
082 |b H401 
100 |a Lê Doãn Diên 
245 0 |a Hóa sinh thực vật 
245 0 |c Lê Doãn Diên 
260 |a Hà Nội 
260 |b Nông Nghiệp 
260 |c 1993 
520 |a Sách trình bày những vấn đề cơ bản nhất của hóa sinh học cây trồng nông nghiệp, các khái niệm chung về sự troa đổi chất và năng lượng trong cơ thể thực vật (enzym, vitamin, protein, acid nucleic, glucid, lipid, các chất có nguồn gốc thứ cấp) 
650 |a botanical chemistry 
980 |a Trung tâm Học liệu Trường Đại học Cần Thơ